00000000nam 2200000zi 4500
0019.947608
003CaOODSP
00520250206073001
006m     o  d f      
007cr cn|||||||||
008250131m19881989oncad   ob   f000 0 eng d
040 |aCaOODSP|beng|erda|cCaOODSP
041 |aeng|beng|bfre
043 |an-cn---
0861 |aEn57-55/89-1E-PDF
24504|aThe applicability of data bases on combined environmental extremes for calculation of loads on offshore structures : |bfinal report / |csubmitted to Supply and Services Canada, Scientific Authority: Val Swail ; submitted by Det norkse Veritas (Canada) Ltd.
264 1|aDownsview, Ontario : |bAtmospheric Environment Service, Climatological Services Division, |c1988-1989.
300 |a1 online resource (vi, 72 pages) : |billustrations, graphs.
336 |atext|btxt|2rdacontent
337 |acomputer|bc|2rdamedia
338 |aonline resource|bcr|2rdacarrier
4901 |aCanadian Climate Centre report ; |vno. 89-1
500 |a"October 1988."
500 |a"A publication of the Canadian Climate Program."
500 |a"DSS File No. 02SEKM169-6774."
500 |a"This work was supported by the Federal Panel on Energy R&D."
500 |aDigitized edition from print [produced by Environment and Climate Change Canada].
500 |a"This report has received only limited circulation because of the special nature of the project. However, reference is permitted if the words "Unpublished manuscript" are made part of the bibliographic entry, in accordance with accepted practice."
504 |aIncludes bibliographical references (pages 68-72).
5203 |a"The objective of the present study is to investigate the applicability of environmental data bases to the calculation of load combinations on offshore structures. The principal Canadian agencies which archive wind, wave, ice, current and earthquake data have been consulted. The nature and origin of the data, the spatial and temporal coverage and the quality control are assessed with the objective of determining the parameters required to perform load combination analyses. Software capabilities are appraised from the viewpoint of the quality and the efficiency of the output products, the availability of user-defined data set operations and the possibility of incorporating load combination techniques"--Abstract, page i.
546 |aIncludes abstracts in English and French.
650 0|aOffshore structures|zCanada|xDatabases.
650 0|aMarine meteorology|zCanada|xObservations|xDatabases.
650 0|aLoad factor design|xEnvironmental aspects|zCanada|xDatabases.
650 6|aStructures offshore|zCanada|xBases de données.
650 6|aMétéorologie maritime|zCanada|xObservations|xBases de données.
650 6|aFacteur de charge|xAspect de l'environnement|zCanada|xBases de données.
7102 |aCanadian Climate Centre, |eissuing body.
7102 |aCanadian Climate Program, |eissuing body.
7102 |aDet norske veritas (Canada) Ltd., |eauthor.
830#0|aCanadian Climate Centre report ;|vno. 89-1.|w(CaOODSP)9.934183
85640|qPDF|s72.5 MB|uhttps://publications.gc.ca/collections/collection_2025/eccc/en57/En57-55-89-1-eng.pdf